00497 2200217 4500001002100000008004100021035002000062245003400082100001900116250000600135260003000141084001400171082000800185650001400193990001200207990001200219990001200231990001200243990001200255990001200267INLIS000000000001529 ind  a0010-0125000027 aMicrosoft WordcHendri Pandia aPandia, Hendri a1 aJakarta :bErlanggac2006 a600 HEN m a600 aNon Fiksi a0714072 a0714073 a0714074 a0714075 a0714076 a0714077